Biblioteca

Trauma psico-social / Gilberto Brenson Lazan ; Marcos David Maldonado R., Editor (Registro nro. 32206)

Detalles MARC
000 -LÍDER
Campo fijo de descripción fija 006360000a22002170004500
001 - NÚMERO DE CONTROL
Campo de control 755
003 - IDENTIFICADOR DEL NÚMERO DE CONTROL
Campo de control CO-MdBIC
040 ## - FUENTE DE CATALOGACIÓN
Idioma de catalogación spa.
082 04 - NÚMERO DE CLASIFICACIÓN DECIMAL DEWEY
Número de clasificación G 150 B8389t
100 1# - ASIENTO PRINCIPAL--NOMBRE PERSONAL
Nombre personal Brenson Lazan, Gilbert
245 10 - TÍTULO
Título del Material Trauma psico-social / Gilberto Brenson Lazan ; Marcos David Maldonado R., Editor
250 ## - MENCIÓN DE EDICIÓN
Mención de edición 2
260 ## - PUBLICACIÓN, DISTRIBUCIÓN, ETC. (PIE DE IMPRENTA)
Lugar de publicación, distribución, etc. Quito, Ecuador : Eirene Internacional
300 ## - DESCRIPCIÓN FÍSICA
Extensión 35 Pag.
336 ## - CONTENT TYPE
Content type term texto
Content type code txt
Source rdacontent
337 ## - MEDIA TYPE
Source rdamedia
Media type term sin mediación
Media type code n
338 ## - CARRIER TYPE
Source rdacarrier
Carrier type term volumen
Carrier type code nc
505 ## - NOTA DE CONTENIDO
Nota de contenido con formato preestablecido el concepto de crisis -- el proceso de duelo -- herramientas de ayuda
650 14 - ASIENTO SECUNDARIO DE MATERIA - TERMINO TEMÁTICO
Término temático o nombre geográfico como elemento de entrada PSICOLOGIA SOCIAL
942 ## - TIPO DE MATERIAL (KOHA)
Tipo de Item KOHA Libros General
Existencias
Estado de Material Estado de Perdido Estado de Dañado No para Préstamo Colección Tomo Biblioteca de Origen Biblioteca Permanente Fecha de Adquisición Total de Préstamos Signatura Topográfica Código de Barras Última vez visto Última vez Préstado Ejemplar/Existencia Fecha de Remplazo Tipo de Material
        Colección General   Biblioteca FUSBC Biblioteca FUSBC 22/09/2004 1 G 150 B8389t 25952 12/12/2019 19/04/2016 1 26/01/2016 Libros General

Biblioteca FUSBC | Teléfono: (57+4) 349 88 10 Ext. 141| WhatsApp (+57) 3005338115 
E-mail: biblioteca@unisbc.edu.co | Calle 76 87-14 Robledo Palenque, Medellín, Colombia

Con tecnología Koha